[Event "Cesenatico op 3rd"]
[Site "Cesenatico"]
[Date "1998.??.??"]
[Round "6"]
[White "Bonacci, Mauro"]
[Black "Giovanardi, Rino"]
[Result "1-0"]
[WhiteElo "2215"]
[BlackElo "2015"]
[PlyCount "73"]
[EventDate "1998.??.??"]
[EventType "swiss"]
[EventRounds "9"]
[EventCountry "ITA"]
[SourceTitle "EXT 2000"]
[Source "ChessBase"]
[SourceDate "1999.11.16"]
[SourceVersion "1"]
[SourceVersionDate "1999.11.16"]
[SourceQuality "1"]

1. e4 e5 2. Nf3 Nc6 3. Bb5 a6 4. Ba4 Nf6 5. 0-0 Nxe4 6. d4 b5 7. Bb3 d5 8. dxe5 Be6 9. Nbd2 Bc5 10. Qe2 Nxd2 11. Bxd2 0-0 12. c3 Bg4 13. Bf4 Re8 14. Qd3 Ne7 15. Nd4 Bb6 16. Bg5 Qd7 17. Bc2 Ng6 18. h3 Be6 19. b4 Qc8 20. Rae1 Nf8 21. f4 c5 22. bxc5 Qxc5 23. f5 Bd7 24. e6 fxe6 25. fxe6 Rxe6 26. Rxf8+ Kxf8 27. Qf5+ Rf6 28. Qxd7 Rf7 29. Qe6 Qxc3 30. Bxh7 Bxd4+ 31. Kh1 Qc5 32. Bg6 Qa7 33. Qxd5 Rf6 34. Bxf6 Bxf6 35. Qd6+ Kg8 36. Qd5+ Kf8 37. Qh5 1-0